Stefano Pioli's Milan - Statistics

General Stats
  • This quiz has been taken 12 times
  • The average score is 47 of 77
Answer Stats
Rank Player Position Nationality Matches Goals Assists % Correct
6 Alexis Saelemaekers Right Winger 140 10 14
100%
5 Fikayo Tomori Centre-Back 142 7 1
100%
12 Franck Kessié Central Midfield 120 24 9
100%
21 Hakan Çalhanoğlu Defensive Midfield 74 19 21
100%
24 Malick Thiaw Centre-Back 54 0 1
100%
15 Mike Maignan Goalkeeper 110 0 3
100%
8 Olivier Giroud Centre-Forward 132 49 20
100%
2 Rafael Leão Left Winger 205 57 49
100%
28 Ruben Loftus-Cheek Central Midfield 40 10 2
100%
11 Simon Kjaer Centre-Back 121 1 3
100%
1 Theo Hernández Left-Back 209 28 40
100%
18 Zlatan Ibrahimović Centre-Forward 78 37 12
100%
13 Ante Rebić Left Winger 120 29 17
92%
10 Brahim Díaz Right Winger 124 18 15
92%
30 Charles De Ketelaere Attacking Midfield 40 0 1
92%
25 Christian Pulisic Right Winger 50 15 11
92%
4 Ismaël Bennacer Defensive Midfield 166 8 11
92%
7 Rade Krunic Defensive Midfield 138 3 6
92%
9 Sandro Tonali Central Midfield 130 7 13
92%
26 Tijjani Reijnders Central Midfield 50 4 4
92%
29 Yunus Musah Central Midfield 40 0 2
92%
16 Alessio Romagnoli Centre-Back 88 3 2
83%
69 Antonio Donnarumma Goalkeeper 1 0 0
83%
3 Davide Calabria Right-Back 167 7 15
83%
17 Gianluigi Donnarumma Goalkeeper 81 0 0
83%
23 Junior Messias Right Winger 68 12 5
83%
39 Luka Jović Centre-Forward 30 9 2
83%
47 Sergiño Dest Right-Back 14 0 0
83%
66 Asmir Begovic Goalkeeper 2 0 0
75%
33 Divock Origi Centre-Forward 36 2 1
75%
48 Krzysztof Piatek Centre-Forward 13 3 2
75%
20 Matteo Gabbia Centre-Back 75 4 1
75%
36 Samuel Chukwueze Right Winger 33 3 3
75%
52 Suso Right Winger 10 1 1
75%
19 Alessandro Florenzi Right-Back 76 3 7
67%
32 Ciprian Tătărușanu Goalkeeper 37 0 1
67%
35 Diogo Dalot Right-Back 33 2 3
67%
40 Fodé Ballo-Touré Left-Back 26 1 0
67%
51 Mario Mandžukić Centre-Forward 11 0 0
67%
34 Noah Okafor Left Winger 36 6 3
67%
70 Ricardo Rodríguez Left-Back 1 0 0
67%
22 Samu Castillejo Right Winger 70 6 11
67%
41 Jens Petter Hauge Left Winger 24 5 1
58%
14 Pierre Kalulu Centre-Back 112 3 3
58%
45 Tiemoué Bakayoko Defensive Midfield 21 0 0
58%
64 Chaka Traorè Left Winger 4 2 0
50%
59 Diego Laxalt Left-Back 6 0 0
50%
38 Giacomo Bonaventura Attacking Midfield 30 4 6
50%
49 Lucas Biglia Defensive Midfield 11 0 1
50%
46 Mateo Musacchio Centre-Back 14 0 0
50%
61 Álex Jiménez Right-Back 5 0 0
42%
68 Francesco Camarda Centre-Forward 2 0 0
42%
43 Lucas Paquetá Attacking Midfield 22 0 0
42%
27 Tommaso Pobega Central Midfield 43 3 0
42%
31 Yacine Adli Defensive Midfield 39 1 2
42%
42 Daniel Maldini Attacking Midfield 24 1 0
33%
55 Davide Bartesaghi Left-Back 8 0 0
33%
57 Jan-Carlo Simić Centre-Back 6 1 0
33%
62 Luka Romero Right Winger 5 0 0
33%
54 Marco Sportiello Goalkeeper 9 0 0
33%
37 Andrea Conti Right-Back 30 0 2
25%
63 Antonio Mirante Goalkeeper 4 0 0
25%
65 Kevin Zeroli Central Midfield 4 0 0
25%
56 Léo Duarte Centre-Back 7 0 0
25%
67 Marko Lazetić Centre-Forward 2 0 0
25%
44 Soualiho Meïté Defensive Midfield 21 0 1
25%
53 Aster Vranckx Central Midfield 10 0 1
17%
73 Emil Roback Left Winger 1 0 0
17%
58 Filippo Terracciano Right-Back 6 0 0
17%
74 Lapo Nava Goalkeeper 1 0 0
17%
50 Lorenzo Colombo Centre-Forward 11 1 0
17%
76 Marco Brescianini Central Midfield 1 0 0
17%
72 Marco Pellegrino Centre-Back 1 0 0
17%
71 Mattia Caldara Centre-Back 1 0 0
17%
60 Pietro Pellegri Centre-Forward 6 0 0
17%
77 Giacomo Olzer Attacking Midfield 1 0 0
8%
75 Luca Stanga Centre-Back 1 0 0
8%
No matching quizzes found
Score Distribution
Percent of People with Each Score
Percentile by Number Answered
Your Score History
You have not taken this quiz